| 000 | 00907nam a22002654i 4500 | ||
|---|---|---|---|
| 999 |
_c7915 _d7915 |
||
| 001 | 991061120055506706 | ||
| 003 | OSt | ||
| 005 | 20240620160026.0 | ||
| 008 | 240416t2024 spc 000 0 cat|c | ||
| 017 |
_aDL B 5629-2024 _bBiblioteca de Catalunya |
||
| 020 | _a9788419719874 | ||
| 040 |
_aES-BaUPF _bcat _erda _cCDMR |
||
| 041 | 1 |
_acat _hspa |
|
| 100 | 1 |
_aSalvat-Papasseit, Joan, _d1894-1924 |
|
| 245 | 1 | 0 |
_aFum de fàbrica / _cJoan Salvat-Papasseit ; traducció i edició de Jordi Martí Font ; pròleg de Dolors Marín |
| 264 | 1 |
_aBarcelona : _bManifest Llibres : _bLo Diable Gros, _c2024 |
|
| 300 |
_a217 pàgines ; _c17 cm |
||
| 490 | 1 |
_aEl Martell ; _v11 |
|
| 500 | _aTítol original: Humo de fábrica | ||
| 505 | _aRecull d'articles periodístics, publicats principalment a la revista Los Miserables. | ||
| 830 | 0 |
_aMartell ; _v11 |
|
| 908 |
_aCLR _aUPF |
||
| 940 | _aUPF | ||
| 942 |
_2udc _cMON |
||